Vowel Visited Websites Quiz Stats

 Plays Quiz Updated Apr 24, 2021

     
Support Sporcle.
Go Orange.
Score 0/11 Timer 04:00
0 Plays Today
Rank Site % Correct
3eBay
95%
1Amazon
89.9%
9ESPN
83%
10Apple
63.3%
5Instagram
56%
11Indeed
34%
8Adobe
30.9%
7Etsy
11.5%
2Office
6.7%
6Intuit
4.2%
4Instructure
2.2%

From the Vault

Foods That Are White

by triplet_3

Some of these foods may look bland, but they're delicious!
Remove Ads.
Support Sporcle.
Get the best of Sporcle when you Go Orange. This ad-free experience offers more features, more stats, and more fun while also helping to support Sporcle. Thank you for becoming a member.

Show Comments

Extras

Top Quizzes Today


Score Distribution

Your Account Isn't Verified!

In order to create a playlist on Sporcle, you need to verify the email address you used during registration. Go to your Sporcle Settings to finish the process.

Report this User

Report this user for behavior that violates our Community Guidelines.

Details: